000 00386 a2200133 4500
000 nam a22 7a 4500
100 _aChakraborty, Nishant
110 _aChakraborty, Nishant
245 _aHuman Rights Violations of Minorities
250 _aLatest edition
260 _bAsia Publishers and Distributors
_c2026
264 _bAsia Publishers and Distributors
_c2026
942 _cBK
999 _c396131
_d396131